| 000 | 00369nam a2200145Ia 4500 | ||
|---|---|---|---|
| 008 | 230917s9999||||xx |||||||||||||| ||und|| | ||
| 040 |
_e5003466 _aMAIN |
||
| 041 | _aEnglish | ||
| 082 | _a006.4 J953D | ||
| 100 | _aJueja, Kapil | ||
| 245 | 0 | _aDesign of a novel framework for pattern recognition in complex scenarios | |
| 260 | _c2020 | ||
| 300 | _a240 p. | ||
| 942 | _cBK | ||
| 999 |
_c9329 _d9329 |
||